| 000 | 00687nam a22002177a 4500 | ||
|---|---|---|---|
| 010 | _a868438 | ||
| 035 | _a868438 | ||
| 037 | _bCen Lib / Ret | ||
| 040 |
_aDPL _bEN |
||
| 082 |
_a572.954 _bVID |
||
| 100 | _aVidyarthi, L. P. | ||
| 245 |
_aRise of anthropology in India : _ba social science orientation / _cby L. P. Vidyarthi |
||
| 260 |
_aDelhi _bConcept Publishing Co _c1976 |
||
| 270 |
_a65-F, Anand Nagar _bDelhi _e110035 |
||
| 300 |
_a(v 2. 384 ) _b24cm(hb) |
||
| 505 | _av 2. The Rural, urban and other dimensions | ||
| 650 | _aAnthropology -- India. | ||
| 650 | _aEthnology -- India. | ||
| 650 | _aEtnologĂa -- India. | ||
| 942 |
_2ddc _cEN _h572.954 _mVID |
||
| 999 |
_c136743 _d136743 |
||